Zād ʻalá al-ṭarīq /

محفوظ في:

المؤلف الرئيسي: Mashhūr, Muṣṭafá.

التنسيق: كتاب

اللغة: Arabic

منشور في: al-Qahirah : Dar al-Tawzi' wa-al-Nashr al-Islamiyah, 1995.

سلاسل: Min fiqh al-daʻwah ; 9.

الموضوعات:

الوسوم: إضافة وسم

لا توجد وسوم, كن أول من يضع وسما على هذه التسجيلة!

رقم الطلب: BP176 .M37 1995

LEADER 00579nam a2200205Ia 4500
003 OSt
005 20241111135238.0
008 231106s1995 ua 000 0 ara d
999 |c 54984  |d 54984 
020 |a 9772651165 
040 |c ARCE Library 
050 4 |a BP176 .M37 1995 
100 1 |a Mashhūr, Muṣṭafá.  
245 1 0 |a Zād ʻalá al-ṭarīq /   |c Mustafa Mashhur. 
264 1 |a al-Qahirah :   |b Dar al-Tawzi' wa-al-Nashr al-Islamiyah,   |c 1995. 
300 |a 911 p. ;   |c 25 cm. 
490 0 |a Min fiqh al-daʻwah ; 9. 
650 0 |a Daʻwah (Islam)  
901 |a reviewed 
942 |2 lcc  |c BK